000 01141nam a2200313 i 4500
001 bg
003 BPK
005 20191002090817.0
008 090408s2002 pl a f f |001 0 pol
020 _a9788301151706
040 _cBPK
041 _apol
_heng
080 _a330.101.542
080 _a(07)
100 1 _aVarian, Hal R.
245 1 0 _aMikroekonomia :
_bkurs średni - ujęcie nowoczesne /
_cHal R. Varian ; przekł. Stanisław Ryszard Domański [et al.] ; red. nauk. przekł. Stanisław Ryszard Domański.
246 _iTyt. oryg.:
_aIntermediate microeconomics
250 _aWyd. 3 zm., 3 dodr.
260 _aWarszawa :
_bWydawnictwo Naukowe PWN,
_ccop. 2002.
300 _a681 s. :
_bwykr. ;
_c25 cm.
500 _aTyt. oryg.: "Intermediate microeconomics. A modern approach" 1987.
504 _aIndeks.
650 4 _aMikroekonomia
655 4 _aPodręcznik
700 _aDomański, Stanisław Ryszard.
_eTł.
710 2 _aWydawnictwo Naukowe PWN
_4pbl.
856 _uhttp://koha.tu.koszalin.pl/cgi-bin/koha/opac-detail.pl?biblionumber=56459
_yKatalog online BPK
942 _cKS
_2UKD
999 _c56459
_d56459